Genshin Impact Characters (2.7) - Statistics

General Stats
  • This quiz has been taken 119 times
  • The average score is 39 of 50
Answer Stats
Answers Vision Weapon Region % Correct
Amber Pyro Bow Mondstadt
100%
Diluc Pyro Claymore Mondstadt
96%
Bennett Pyro Sword Mondstadt
95%
Barbara Hydro Catalyst Mondstadt
94%
Klee Pyro Catalyst Mondstadt
88%
Mona Hydro Catalyst Mondstadt
88%
Thoma Pyro Polearm Inazuma
87%
Jean Anemo Sword Mondstadt
86%
Lisa Electro Catalyst Mondstadt
86%
Hu Tao Pyro Polearm Liyue
85%
Venti Anemo Bow Mondstadt
85%
Kaeya Cryo Sword Mondstadt
83%
Tartaglia Hydro Bow Snezhnaya
83%
Xiangling Pyro Polearm Liyue
83%
Yanfei Pyro Catalyst Liyue
82%
Fischl Electro Bow Mondstadt
81%
Zhongli Geo Polearm Liyue
81%
Yoimiya Pyro Bow Inazuma
79%
Beidou Electro Claymore Liyue
78%
Kamisato Ayato Hydro Sword Inazuma
78%
Xingqiu Hydro Sword Liyue
78%
Xinyan Pyro Claymore Liyue
78%
Albedo Geo Sword Mondstadt
77%
Noelle Geo Claymore Mondstadt
77%
Raiden Shogun Electro Polearm Inazuma
77%
Sucrose Anemo Catalyst Mondstadt
77%
Razor Electro Claymore Mondstadt
76%
Yelan Hydro Bow Liyue
76%
Qiqi Cryo Sword Liyue
74%
Sangonomiya Kokomi Hydro Catalyst Inazuma
74%
Chongyun Cryo Claymore Liyue
73%
Diona Cryo Bow Mondstadt
73%
Ganyu Cryo Bow Liyue
73%
Rosaria Cryo Polearm Mondstadt
73%
Aloy Cryo Bow
72%
Gorou Geo Bow Inazuma
72%
Ningguang Geo Catalyst Liyue
72%
Keqing Electro Sword Liyue
71%
Sayu Anemo Claymore Inazuma
71%
Xiao Anemo Polearm Liyue
71%
Yae Miko Electro Catalyst Inazuma
71%
Eula Cryo Claymore Mondstadt
69%
Kamisato Ayaka Cryo Sword Inazuma
69%
Traveler Sword
68%
Yunjin Geo Polearm Liyue
68%
Kujou Sara Electro Bow Inazuma
67%
Arataki Itto Geo Claymore Inazuma
65%
Shenhe Cryo Polearm Liyue
65%
Kuki Shinobu Electro Sword Inazuma
62%
Kaedehara Kazuha Anemo Sword Inazuma
58%
No matching quizzes found
Score Distribution
Percent of People with Each Score
Percentile by Number Answered
Your Score History
You have not taken this quiz